000 00536nam a2200181 i 4500
001 42370
003 ES-MaACL
005 20250814063213.0
007 t|
008 030313s1964 sp ||||1| spa d
100 1 _aCastillo-Puche, José Luis,
_d1919-2004
_936763
245 1 0 _aCosta Blanca y Costa de la Luz /
_cJosé Luis Castillo-Puche.
250 _a[1ª ed.].
260 _aBarcelona :
_bNoguer,
_c[1964]
300 _a54, 14 p., 30 lám. ;
_c19 cm.
852 _aES-MaACL
_jC-26912
_bR.54775
999 _c42370
_d42370